000 00392nam a2200133Ia 4500
008 200120s9999 xx 000 0 und d
020 _a9780328580859
100 _aForesman, Scott
245 _cScott Foresman
_aReading street grade 2/
260 _aIllinois:
_bPearson
_c2009
300 _a145 p. ;
_bcol. ill. :
_c26 cm.
650 _aLanguage arts (Elementary)
650 _aReading (Primary)
999 _c362945
_d362945